000 00795nam a2200277Ia 4500
001 Para_9903
003 CHAP
008 220125s2012 xx 000 0 und d
010 _a205285
020 _a978 - 607 - 402 - 492 - 0
040 _cCHAP
082 _aPA 632.8 972 T67 2012
100 _aTorres Almaraz, Rodolfo de la
_9171301
245 _aEnfermedades de origen viral en plantas cultivadas en México /
_c Rodolfo de la Torre Almaraz
260 _aMéxico :
_b UNAM
300 _a86 p.
650 _a
650 _aPlantas
_x Enfermedades por virus
_x México
_9171302
901 _aPA 632.8 972 T67 2012
902 _aM
905 _a5232202012 8000000300 06
910 _a2012
942 _cPARA
942 _cPARA
_d1
999 _c205285
_d205285